000 00599nam a2200217Ia 4500
003 OSt
005 20251218120016.0
008 221004b |||||||| |||| 00| 0 eng d
037 _cTB
040 _aCRL
_cCRL
_beng
041 _2eng
_aeng
084 _aR3xL48:g M3
_qCRL
100 _aHarrison, Ross
_9857738
245 0 _aBentham
260 _aLondon, UK:
_bRoutledge and Kegan Paul,
_c1985.
300 _a286p.
_ccm.
490 _aArguments of philosophers,1983
650 _aPHILOSOPHY
_9857739
942 _hRxL48:g M5
_cTB
_2CC
_n0
999 _c966789
_d966789